[Event "Nat. Club Intermediate"]
[Site "Birmingham ENG"]
[Date "2015.04.12"]
[Round "3.97"]
[White "Wiggins, Andrew S"]
[Black "Punjabi, Ronak"]
[Result "1-0"]
[WhiteElo "129"]
[BlackElo "140"]
[PlyCount "73"]
[EventDate "2015.04.12"]
[WhiteTeam "Redditch 1"]
[BlackTeam "GLCC 2"]

1. d4 d5 2. Nf3 Nf6 3. e3 g6 4. Bd3 Bg7 5. Nbd2 Nc6 6. a3 a6 7. O-O O-O 8. b3
Re8 9. Bb2 Nd7 10. c4 Nf6 11. Qc2 e6 12. Rac1 Bd7 13. b4 b5 14. cxb5 axb5 15.
Nb3 Ra7 16. Nc5 Ne7 17. Nxd7 Qxd7 18. Ne5 Qc8 19. Bxb5 Rd8 20. Qc5 Rb7 21. Ba6
Bf8 22. Bxb7 Qxb7 23. Qxc7 Qxc7 24. Rxc7 Ne4 25. Rfc1 f6 26. Nc6 Nxc6 27. R7xc6
Kf7 28. b5 Nd6 29. a4 Nc4 30. R1xc4 dxc4 31. Rxc4 Ra8 32. Kf1 Bd6 33. h3 f5 34.
Ke2 Kf6 35. Kd3 e5 36. dxe5+ Bxe5 37. Rc6+ 1-0

[Event "Nat. Club Intermediate"]
[Site "Birmingham ENG"]
[Date "2015.04.12"]
[Round "4.55"]
[White "Ali, Golam S"]
[Black "Kinder, Andrew S"]
[Result "1-0"]
[WhiteElo "154"]
[BlackElo "147"]
[PlyCount "55"]
[EventDate "2015.04.12"]
[WhiteTeam "Sutton Coldfield 2"]
[BlackTeam "Newton Abbot 2"]

1. d4 Nf6 2. c4 g6 3. Nc3 Bg7 4. e4 d6 5. b3 O-O 6. Nf3 Nbd7 7. Be2 c5 8. d5 a6
9. a4 Ne8 10. Bf4 h6 11. Be3 Ne5 12. Nxe5 Bxe5 13. Bxh6 Bg7 14. Qd2 Kh7 15.
Bxg7 Kxg7 16. h4 Nf6 17. Qg5 Nh7 18. Qg3 Rg8 19. f4 Kf8 20. O-O Bd7 21. Qd3 Ke8
22. e5 Qc7 23. exd6 Qxd6 24. Ne4 Qb6 25. b4 Qxb4 26. Rfb1 Qa5 27. Rxb7 Kd8 28.
Nxc5 1-0

[Event "Nat. Club Intermediate"]
[Site "Birmingham ENG"]
[Date "2015.04.12"]
[Round "4.56"]
[White "Taylor, Wilfred RP"]
[Black "Mildenhall, John"]
[Result "0-1"]
[WhiteElo "142"]
[BlackElo "158"]
[PlyCount "36"]
[EventDate "2015.04.12"]
[WhiteTeam "Newton Abbot 2"]
[BlackTeam "Sutton Coldfield 2"]

1. e4 c5 2. d4 cxd4 3. c3 Nf6 4. e5 Nd5 5. Nf3 e6 6. Bc4 Nb6 7. Bb3 d5 8. cxd4
Nc6 9. O-O Be7 10. Nc3 O-O 11. Bf4 a6 12. Qe2 Bd7 13. Rac1 Rc8 14. a3 Na5 15.
Ba2 Nac4 16. Rc2 Nxb2 17. Bc1 N2c4 18. Nxd5 exd5 0-1

[Event "Nat. Club Intermediate"]
[Site "Birmingham ENG"]
[Date "2015.04.12"]
[Round "4.57"]
[White "Brown, Noel A"]
[Black "Ramesh, Vignesh"]
[Result "0-1"]
[WhiteElo "134"]
[BlackElo "138"]
[PlyCount "96"]
[EventDate "2015.04.12"]
[WhiteTeam "Sutton Coldfield 2"]
[BlackTeam "Newton Abbot 2"]

1. e4 e5 2. Nf3 Nc6 3. Bc4 Nf6 4. d4 exd4 5. O-O Bc5 6. e5 Ng4 7. Bxf7+ Kxf7 8.
Ng5+ Ke8 9. Qxg4 d6 10. e6 Ne5 11. Qe4 h6 12. f4 hxg5 13. fxe5 Rh6 14. Rf7 Bxe6
15. Rxg7 d5 16. Qd3 Be7 17. Rg6 Rxg6 18. Qxg6+ Bf7 19. Qh6 a5 20. e6 Bg8 21.
Qg6+ Kf8 22. Na3 Ra6 23. Bd2 Rxe6 24. Rf1+ Rf6 25. Rxf6+ Bxf6 26. Qf5 Qe7 27.
Qf3 c6 28. c3 dxc3 29. Bxc3 d4 30. Bd2 Bd5 31. Qf1 Kg7 32. Nc2 Bxa2 33. Ne1 Qe4
34. Bxa5 b5 35. Qd3 Qxd3 36. Nxd3 Bc4 37. Nf2 d3 38. Bc3 Bxc3 39. bxc3 d2 40.
g4 Be2 41. h3 d1=Q+ 42. Nxd1 Bxd1 43. Kf2 c5 44. Kg3 b4 45. cxb4 cxb4 46. h4
gxh4+ 47. Kxh4 Bxg4 48. Kxg4 b3 0-1

[Event "Nat. Club Intermediate"]
[Site "Birmingham ENG"]
[Date "2015.04.12"]
[Round "4.58"]
[White "Barber-Lafon, Jacquie"]
[Black "Lawson, Keith"]
[Result "1-0"]
[WhiteElo "117"]
[BlackElo "132"]
[PlyCount "103"]
[EventDate "2015.04.12"]
[WhiteTeam "Newton Abbot 2"]
[BlackTeam "Sutton Coldfield 2"]

1. d4 Nf6 2. Nf3 d6 3. Bf4 Nc6 4. e3 a6 5. c4 e6 6. Nc3 Nh5 7. Bg5 Be7 8. Bxe7
Nxe7 9. Be2 Nf6 10. O-O Bd7 11. Qc2 Bc6 12. b4 Bxf3 13. Bxf3 d5 14. cxd5 Nfxd5
15. Nxd5 exd5 16. a4 O-O 17. Qb3 c6 18. Rac1 Nf5 19. b5 Nh4 20. Bg4 Qg5 21. f3
Rfe8 22. Rce1 Nxg2 23. Kxg2 f5 24. h3 fxg4 25. fxg4 axb5 26. axb5 cxb5 27. Rf5
Qh4 28. Qxd5+ Kh8 29. Re2 Rad8 30. Qxb5 Qh6 31. Re5 Rf8 32. Rf5 Rxf5 33. Qxf5
Qc6+ 34. Qf3 h6 35. Qxc6 bxc6 36. Rc2 Rd6 37. Rc4 Kg8 38. e4 Kf7 39. e5 Rd5 40.
Kf3 c5 41. Ke4 Rxd4+ 42. Rxd4 cxd4 43. Kxd4 Ke6 44. Ke4 g6 45. h4 Ke7 46. h5
gxh5 47. gxh5 Ke6 48. Kf4 Kf7 49. Kf5 Ke7 50. Kg6 Ke6 51. Kxh6 Kxe5 52. Kg7 1-0

[Event "Nat. Club Intermediate"]
[Site "Birmingham ENG"]
[Date "2015.04.12"]
[Round "4.65"]
[White "Armstrong, William G"]
[Black "Price, Andrew"]
[Result "0-1"]
[WhiteElo "151"]
[BlackElo "157"]
[PlyCount "71"]
[EventDate "2015.04.12"]
[WhiteTeam "Braille C.A. 1"]
[BlackTeam "Leamington"]

1. e4 d6 2. d4 g6 3. Be3 Bg7 4. Nc3 c6 5. a4 a5 6. Bc4 Na6 7. Nge2 e6 8. O-O
Ne7 9. f4 d5 10. Bd3 dxe4 11. Bxe4 Nb4 12. Na2 Nbd5 13. Bd2 Nf5 14. Bxf5 gxf5
15. c3 b6 16. Rf3 Bb7 17. c4 Nf6 18. c5 Ne4 19. Be3 bxc5 20. dxc5 Ba6 21. Qc2
Bd3 22. Qd1 Bxb2 23. Nac1 Bxa1 24. Nxd3 Bf6 25. Qc2 Qc7 26. Ne5 Ke7 27. Nd4
Bxe5 28. fxe5 Rab8 29. Rxf5 exf5 30. Nxf5+ Kd7 31. Qxe4 Rb4 32. Qd3+ Kc8 33.
Bd2 Qxe5 34. Nd6+ Kb8 35. Bxb4 axb4 36. Ne4 0-1

[Event "Nat. Club Intermediate"]
[Site "Birmingham ENG"]
[Date "2015.04.12"]
[Round "4.66"]
[White "Darling, Tom"]
[Black "Burnell, Steve"]
[Result "0-1"]
[WhiteElo "154"]
[BlackElo "147"]
[PlyCount "126"]
[EventDate "2015.04.12"]
[WhiteTeam "Leamington"]
[BlackTeam "Braille C.A. 1"]

1. e4 c6 2. d4 d5 3. Nc3 dxe4 4. Nxe4 Bf5 5. Ng3 Bg6 6. Nf3 Nf6 7. Bd3 Nbd7 8.
O-O e6 9. Re1 Qc7 10. Ne5 Bd6 11. f4 O-O 12. Qf3 c5 13. Nxg6 hxg6 14. Ne4 Be7
15. Be3 Nd5 16. Ng5 Nxe3 17. Qxe3 cxd4 18. Qh3 Bxg5 19. fxg5 Nc5 20. Re2 Nxd3
21. cxd3 Qf4 22. Re4 Qxg5 23. Rae1 Qf5 24. Qxf5 gxf5 25. Rxd4 Rfd8 26. Rxd8+
Rxd8 27. Rd1 e5 28. Kf2 g5 29. g3 Kg7 30. Ke3 f6 31. Rc1 Rd7 32. Rc4 Kg6 33. a4
a6 34. b3 Rh7 35. b4 Rxh2 36. b5 axb5 37. axb5 Rb2 38. Rc5 b6 39. Rd5 g4 40. d4
Rb3+ 41. Kf2 exd4 42. Rxd4 Rxb5 43. Rd2 Re5 44. Rb2 b5 45. Rb4 Rc5 46. Rb2 Kg5
47. Rb4 Rd5 48. Rb2 f4 49. gxf4+ Kxf4 50. Rb4+ Kg5 51. Rb2 f5 52. Kg2 f4 53.
Rb4 Re5 54. Kf2 g3+ 55. Kf3 Re3+ 56. Kg2 Re2+ 57. Kf3 Rf2+ 58. Ke4 g2 59. Rxb5+
Kg4 60. Rb8 Re2+ 61. Kd3 Re3+ 62. Kd2 Kf3 63. Rg8 Kf2 0-1

[Event "Nat. Club Intermediate"]
[Site "Birmingham ENG"]
[Date "2015.04.12"]
[Round "4.67"]
[White "Andrews, Norman G"]
[Black "Collins, Andrew"]
[Result "1/2-1/2"]
[WhiteElo "144"]
[BlackElo "150"]
[PlyCount "53"]
[EventDate "2015.04.12"]
[WhiteTeam "Braille C.A. 1"]
[BlackTeam "Leamington"]

1. e4 c5 2. Nf3 d6 3. d4 cxd4 4. Nxd4 Nf6 5. Nc3 g6 6. Bc4 Bg7 7. O-O O-O 8. f3
Nc6 9. Be3 a6 10. Qd2 Qc7 11. Bb3 Nxd4 12. Bxd4 Bd7 13. Rad1 Bc6 14. Rfe1 e6
15. e5 dxe5 16. Bxe5 Qc8 17. Qg5 Nd5 18. Bxg7 Kxg7 19. Nxd5 Bxd5 20. Bxd5 exd5
21. Qe5+ Kg8 22. c3 Qc5+ 23. Qd4 Rac8 24. Re5 Rfd8 25. Kf2 a5 26. Rd2 b5 27.
Qxc5 1/2-1/2

[Event "Nat. Club Intermediate"]
[Site "Birmingham ENG"]
[Date "2015.04.12"]
[Round "4.68"]
[White "Madden, Jason D"]
[Black "Blencowe, Ian P"]
[Result "0-1"]
[WhiteElo "127"]
[BlackElo "132"]
[PlyCount "56"]
[EventDate "2015.04.12"]
[WhiteTeam "Leamington"]
[BlackTeam "Braille C.A. 1"]

1. e4 c6 2. d4 d5 3. exd5 cxd5 4. Nf3 Bf5 5. c3 e6 6. Bb5+ Nc6 7. Ne5 Nge7 8.
Qa4 Qb6 9. Nd2 f6 10. Nef3 a6 11. Nb3 Qxb5 12. Qxb5 axb5 13. O-O Ng6 14. Re1
Bd6 15. h3 Kf7 16. Be3 Na5 17. Nbd2 Nc4 18. Nxc4 bxc4 19. Nd2 Bf4 20. b3 Bxe3
21. Rxe3 b5 22. Ree1 Ra6 23. a4 Rha8 24. bxc4 bxc4 25. Ra2 Rxa4 26. Rb2 Ra1 27.
Rb7+ Ne7 28. Kf1 Bd3+ 0-1

[Event "Nat. Club Intermediate"]
[Site "Birmingham ENG"]
[Date "2015.04.12"]
[Round "4.75"]
[White "Bull, Phil"]
[Black "Paul, Nathanael"]
[Result "0-1"]
[WhiteElo "165"]
[BlackElo "169"]
[PlyCount "134"]
[EventDate "2015.04.12"]
[WhiteTeam "Wolverhampton"]
[BlackTeam "Newport (Salop)"]

1. d4 Nf6 2. e3 e6 3. Bd3 Be7 4. f4 b6 5. Qe2 Bb7 6. Nf3 O-O 7. O-O Ne4 8. Nbd2
f5 9. Ne5 d6 10. Nef3 a6 11. Bc4 d5 12. Bd3 Nd7 13. c3 Qe8 14. Ne5 Nxe5 15.
fxe5 Kh8 16. Qe1 g5 17. Nxe4 dxe4 18. Bc4 Bd5 19. Qe2 Bxc4 20. Qxc4 Qd7 21. Bd2
c6 22. Rf2 Qd5 23. Qe2 b5 24. b3 Qd7 25. Raf1 Qe8 26. c4 g4 27. g3 Kg7 28. c5
h5 29. Rg2 Rh8 30. Kf2 a5 31. a3 Qd7 32. Ke1 Qd5 33. Qd1 h4 34. Rfg1 hxg3 35.
hxg3 Rh3 36. Kf2 a4 37. b4 Rah8 38. Bc1 Bg5 39. Qe2 R8h5 40. Bd2 Kf7 41. Rf1
Ke7 42. Bc1 Qd8 43. Ke1 Qh8 44. Kd2 Qh6 45. Kc2 Rh1 46. Rgf2 Rxf1 47. Rxf1 Rh2
48. Rf2 Rh1 49. Rg2 Kd7 50. Kb2 Kc7 51. Bd2 Kb7 52. Qf2 Ka6 53. Qe2 Qh7 54. Bc1
Qh6 55. Bd2 Qh7 56. Bc1 Qd7 57. Rh2 Rg1 58. Rg2 Rxc1 59. Kxc1 Qxd4 60. Qc2
Bxe3+ 61. Kb1 Qxe5 62. Rh2 Qxg3 63. Rh8 Qe1+ 64. Ka2 Bd4 65. Ra8+ Kb7 66. Ra7+
Kxa7 67. Qxa4+ bxa4 0-1

[Event "Nat. Club Intermediate"]
[Site "Birmingham ENG"]
[Date "2015.04.12"]
[Round "4.76"]
[White "Maydew, Simon"]
[Black "Hunt, Jonathan B"]
[Result "0-1"]
[WhiteElo "148"]
[BlackElo "152"]
[PlyCount "50"]
[EventDate "2015.04.12"]
[WhiteTeam "Newport (Salop)"]
[BlackTeam "Wolverhampton"]

1. d4 Nf6 2. Nf3 d5 3. e3 Bg4 4. h3 Bh5 5. g4 Bg6 6. Ne5 e6 7. h4 h5 8. Nxg6
fxg6 9. g5 Ne4 10. Bd3 Bd6 11. Bxe4 dxe4 12. Nd2 O-O 13. Nxe4 Nc6 14. Bd2 Qe7
15. f4 e5 16. dxe5 Bxe5 17. Qf3 Bxb2 18. Rb1 Qa3 19. O-O Ne5 20. Qe2 Ng4 21.
Qc4+ Kh8 22. Rf3 Ne5 23. Bb4 Nxc4 24. Bxa3 Bxa3 25. Rxb7 Rfe8 0-1

[Event "Nat. Club Intermediate"]
[Site "Birmingham ENG"]
[Date "2015.04.12"]
[Round "4.77"]
[White "Wood, Frank"]
[Black "Lewis, Christopher"]
[Result "1/2-1/2"]
[WhiteElo "136"]
[BlackElo "153"]
[PlyCount "66"]
[EventDate "2015.04.12"]
[WhiteTeam "Wolverhampton"]
[BlackTeam "Newport (Salop)"]

1. e4 d6 2. d4 g6 3. Nc3 Bg7 4. Be3 Nf6 5. Qd2 O-O 6. f3 e5 7. O-O-O exd4 8.
Bxd4 Nc6 9. Be3 Be6 10. Nge2 Ne5 11. Nd4 Nc4 12. Bxc4 Bxc4 13. Bh6 Re8 14. Bxg7
Kxg7 15. g4 h5 16. h3 c6 17. Qg5 Kh7 18. b3 Ba6 19. Rde1 Qe7 20. Kb2 Qe5 21. f4
Qxg5 22. fxg5 Ng8 23. gxh5 gxh5 24. Nf5 d5 25. exd5 Rxe1 26. Rxe1 cxd5 27. Nxd5
Kg6 28. Nfe3 h4 29. Nc7 Rf8 30. Nxa6 bxa6 31. Rg1 Re8 32. Nc4 Re2 33. Rg4 Kh5
1/2-1/2

[Event "Nat. Club Intermediate"]
[Site "Birmingham ENG"]
[Date "2015.04.12"]
[Round "4.85"]
[White "Towers, Nigel S"]
[Black "Murrell, Mark RA"]
[Result "1/2-1/2"]
[WhiteElo "172"]
[BlackElo "158"]
[PlyCount "30"]
[EventDate "2015.04.12"]
[WhiteTeam "Redditch 1"]
[BlackTeam "Wanstead & Woodford 2"]

1. e4 c5 2. Nf3 e6 3. d4 cxd4 4. Nxd4 Nf6 5. Nc3 Nc6 6. Nxc6 bxc6 7. Bd3 a5 8.
Qe2 Be7 9. O-O d5 10. e5 Nd7 11. f4 Nc5 12. Qg4 Nxd3 13. cxd3 Qb6+ 14. Kh1 g6
15. Qe2 Ba6 1/2-1/2

[Event "Nat. Club Intermediate"]
[Site "Birmingham ENG"]
[Date "2015.04.12"]
[Round "4.86"]
[White "Smith, David"]
[Black "Crockett, Stephen J"]
[Result "0-1"]
[WhiteElo "148"]
[BlackElo "120"]
[PlyCount "64"]
[EventDate "2015.04.12"]
[WhiteTeam "Wanstead & Woodford 2"]
[BlackTeam "Redditch 1"]

1. e4 e6 2. d4 d5 3. e5 c5 4. c3 Nc6 5. Nf3 Qb6 6. Bd3 Bd7 7. dxc5 Bxc5 8. O-O
Nh6 9. b4 Be7 10. a4 Qc7 11. Re1 a6 12. Na3 Nf5 13. Bxf5 exf5 14. Qxd5 Be6 15.
Qd1 Rd8 16. Qe2 O-O 17. b5 Na5 18. bxa6 bxa6 19. Qxa6 Qxc3 20. Bg5 Ra8 21. Qxa8
Rxa8 22. Bxe7 Nb3 23. Nb5 Qxa1 24. Rxa1 Nxa1 25. Nc3 Bd7 26. Nd4 Bxa4 27. Nxf5
Rc8 28. Bb4 Rc4 29. Ne7+ Kh8 30. Ned5 Bc6 31. f4 Bxd5 32. Nxd5 Rd4 0-1

[Event "Nat. Club Intermediate"]
[Site "Birmingham ENG"]
[Date "2015.04.12"]
[Round "4.87"]
[White "Wiggins, Andrew S"]
[Black "Haddock, Paul"]
[Result "0-1"]
[WhiteElo "129"]
[BlackElo "128"]
[PlyCount "65"]
[EventDate "2015.04.12"]
[WhiteTeam "Redditch 1"]
[BlackTeam "Wanstead & Woodford 2"]

1. d4 d5 2. Nf3 Nc6 3. e3 Nf6 4. Bd3 Bg4 5. h3 Bh5 6. Nbd2 e5 7. dxe5 Nxe5 8.
Be2 Nxf3+ 9. Nxf3 Bb4+ 10. Bd2 Qe7 11. O-O O-O 12. a3 Bd6 13. c4 dxc4 14. Qc2
b5 15. Bc3 c5 16. Rfd1 a5 17. Rac1 Rfd8 18. Bxf6 Qxf6 19. Qc3 Qxc3 20. Rxc3 Be7
21. Rcc1 Bf6 22. Rb1 Bg6 23. Rbc1 Bxb2 24. Rb1 Bxb1 25. Rxb1 c3 26. Ne1 b4 27.
axb4 cxb4 28. Nd3 Rxd3 29. Bxd3 a4 30. Kf1 a3 31. Ke1 a2 32. Rd1 a1=Q 33. Rxa1
0-1

[Event "Nat. Club Intermediate"]
[Site "Birmingham ENG"]
[Date "2015.04.12"]
[Round "4.95"]
[White "Smith, Simon C"]
[Black "Morton, Peter"]
[Result "1-0"]
[WhiteElo "172"]
[BlackElo "155"]
[PlyCount "59"]
[EventDate "2015.04.12"]
[WhiteTeam "Warley Quinborne"]
[BlackTeam "GLCC 2"]

1. c4 Nf6 2. Nc3 c5 3. Nf3 Nc6 4. d4 cxd4 5. Nxd4 g6 6. e4 d6 7. Be2 Bg7 8. Be3
Bd7 9. f3 O-O 10. Qd2 Nxd4 11. Bxd4 Ne8 12. O-O Nc7 13. Bxg7 Kxg7 14. Qd4+ Kg8
15. Rfd1 Ne6 16. Qe3 f5 17. exf5 Rxf5 18. Rd5 Ng7 19. Rad1 Rxd5 20. cxd5 Nf5
21. Qf2 a6 22. g4 Ng7 23. Qd4 b5 24. Bd3 Rb8 25. Kg2 Qc7 26. Bb1 Qb6 27. Qe4
Re8 28. h4 b4 29. Ne2 h6 30. Nf4 1-0

[Event "Nat. Club Intermediate"]
[Site "Birmingham ENG"]
[Date "2015.04.12"]
[Round "4.96"]
[White "Chauhan, Anurag"]
[Black "Turner, Jon"]
[Result "0-1"]
[WhiteElo "152"]
[BlackElo "161"]
[PlyCount "66"]
[EventDate "2015.04.12"]
[WhiteTeam "GLCC 2"]
[BlackTeam "Warley Quinborne"]

1. e4 c5 2. Nf3 d6 3. d4 cxd4 4. Nxd4 Nf6 5. Nc3 g6 6. Be2 Bg7 7. Be3 O-O 8.
O-O Nc6 9. f4 e6 10. Nb3 Qe7 11. Qd2 a6 12. a3 b5 13. Bd3 Ng4 14. Rae1 Qh4 15.
h3 Nxe3 16. Qxe3 Bb7 17. Ne2 Bxb2 18. f5 exf5 19. exf5 Rae8 20. Qd2 Bxa3 21.
Rf4 Qg5 22. Ref1 Ne5 23. Ned4 Nxd3 24. cxd3 Re7 25. f6 Rc7 26. h4 Qg3 27. h5
Re8 28. Nc2 Bxg2 29. Qf2 Qxd3 30. Qxg2 Rxc2 31. Qg5 Qe3+ 32. R1f2 Rxf2 33. Qh6
Qe1# 0-1

[Event "Nat. Club Intermediate"]
[Site "Birmingham ENG"]
[Date "2015.04.12"]
[Round "4.97"]
[White "Rawlings, Wendell S"]
[Black "Dearden, Anthony"]
[Result "1-0"]
[WhiteElo "122"]
[BlackElo "133"]
[PlyCount "65"]
[EventDate "2015.04.12"]
[WhiteTeam "Warley Quinborne"]
[BlackTeam "GLCC 2"]

1. e4 d6 2. d4 Nf6 3. Nc3 g6 4. Nf3 Bg7 5. Bd3 c6 6. e5 Nfd7 7. exd6 exd6 8.
Ne4 Nf6 9. O-O Nxe4 10. Bxe4 O-O 11. c3 Nd7 12. Bc2 b5 13. Bg5 Nf6 14. Qd2 Bb7
15. Qf4 c5 16. dxc5 dxc5 17. Rad1 Nd5 18. Qd2 Bf6 19. Be4 Bxg5 20. Nxg5 h6 21.
Nf3 Qf6 22. Bxd5 Rad8 23. Qxh6 Rxd5 24. Rxd5 Bxd5 25. Ng5 Qg7 26. Qxg7+ Kxg7
27. b3 Re8 28. f3 f6 29. Nh3 Re2 30. Nf2 Rxa2 31. Ne4 c4 32. b4 Rd2 33. Nxd2
1-0

[Event "Nat. Club Intermediate"]
[Site "Birmingham ENG"]
[Date "2015.04.12"]
[Round "4.98"]
[White "Punjabi, Ronak"]
[Black "Pakenham, John H"]
[Result "1/2-1/2"]
[WhiteElo "140"]
[BlackElo "116"]
[PlyCount "81"]
[EventDate "2015.04.12"]
[WhiteTeam "GLCC 2"]
[BlackTeam "Warley Quinborne"]

1. e4 e5 2. Nf3 d6 3. Bc4 Bg4 4. d3 Nd7 5. Bxf7+ Kxf7 6. Ng5+ Qxg5 7. Bxg5 Bxd1
8. Kxd1 h6 9. Be3 Ngf6 10. Nc3 c6 11. f4 Ng4 12. Ke2 Nxe3 13. Kxe3 Be7 14. Kf2
Ke8 15. fxe5 Nxe5 16. h3 a5 17. d4 Nc4 18. Ke2 b5 19. b3 Nb6 20. Kd3 b4 21. Ne2
c5 22. d5 Nd7 23. Nf4 Bf6 24. Rae1 Ne5+ 25. Ke2 a4 26. Ne6 Kd7 27. Ra1 Rhe8 28.
a3 Reb8 29. axb4 Rxb4 30. Rhd1 Ke7 31. Ra2 c4 32. bxa4 Raxa4 33. Rxa4 Rxa4 34.
Rf1 Rb4 35. Ra1 Rb7 36. Ra8 Nf7 37. Rc8 c3 38. Ra8 Rd7 39. Nf4 Rd8 40. Ra7+ Rd7
41. Ra8 1/2-1/2